000 00834nam a2200265Ia 4500
003 OSt
005 20241127100508.0
008 210716s1995 xx 000 0 und d
020 _a8172638612
040 _cAIMIT LIBRARY
041 _aeng
082 _a005.74
_21
_bINDI
245 _aIntroduction to database management system
250 _a1st ed.
260 _aNew Delhi :
_bIndira Gandhi National Open University ,
_c1995.
300 _a176p.;
_bPB
_c23.5 cm.
650 _aBusiness applications of computers
_9186735
650 _aStorage devices
_9186736
650 _aChoice of file
_9186737
650 _aInfluence of record format on design
_9186738
650 _aSequential file design
_9186739
650 _aDirect file design
_9186740
650 _aSpecial purpose files
_9186741
942 _2ddc
_cBK
_k005.74 HANO
999 _c183570
_d183570